One piece arme des Mugiwara - Statistiques

Statistiques générales
  • Ce quiz a été pris 98 fois
    95 depuis la dernière actualisation
  • Le résultat moyen est 6 sur 13
Statistiques - réponses
Par images Réponse % Correct
Enma
96%
Wado Ichimonji
75%
Shusui
63%
General Franky
59%
Sandai Kitetsu
59%
Kabuto
55%
Clima-tact
49%
Yubashiri
44%
Kabuto noir
32%
Soul solid
32%
Nidai Kitetsu
21%
Brachio Tank 5
11%
Black Rhino FR-U4
10%
Aucun quiz correspondant
Distribution des résultats
% des personnes avec chaque résultat
Percentile par nombre de réponses
Votre historique - résultats
Vous n’avez pas pris ce quiz depuis la dernière actualisation